000 00644nam a2200217Ia 4500
999 _c43758
_d43758
001 10503
003 GE_BSU
005 20211125131424.0
008 181216s2011||||ge |||||||||||||| ||geo||
020 _a 9789941173288
040 _cGE_BSU
041 _ageo
080 _a321.01+327.2 ჩ–67
100 _aჩიტაძე, ნიკა
_912187
245 _aგეოპოლიტიკა
250 _aმეორე გამოცემა
264 _aთბილისი :
_bუნივერსალი,
_c2011.
300 _a698 გვ.;
_b20 სმ.
653 _aგეოპოლიტიკა
942 _cBK
_2udc